00573nam a2200217Ia 4500008004100000020001800041050001700059050002000076100002700096245001200123245003000135245002600165260001700191260002600208260000900234300001600243300002000259300001100279650003400290650003100324160418s9999 xx 000 0 und d a971-08-6417-3 aFIL DS 675.8 b.R5Z85 2004 c.6 aZulueta, Francisco M.  aRizal : blife, works, and ideals / cFrancisco M. Zulueta. aMandaluyong: bNational Books Store, c2004 a260 pages : billustrations ; c22 cm. aRizal, Jose P. -- Biography.  xRizal, Jose P., 1861-1896.